Professional risk and working with people decision-making in health, social care and criminal justice /

Bibliographic Details
Main Author: Carson, David, 1950-
Corporate Author: ProQuest (Firm)
Other Authors: Bain, Andy, 1971-
Format: Electronic eBook
Language:English
Published: London ; Philadelphia : Jessica Kingsley Publishers, 2008.
Subjects:
Online Access:Click to View
LEADER 01443nam a2200385Ia 4500
001 EBC350370
003 MiAaPQ
005 20200520144314.0
006 m o d |
007 cr cn|||||||||
008 070808s2008 enk sb 001 0 eng d
010 |z  2007032751 
020 |z 9781843103899 
020 |z 1843103893 
035 |a (MiAaPQ)EBC350370 
035 |a (Au-PeEL)EBL350370 
035 |a (CaPaEBR)ebr10251448 
035 |a (CaONFJC)MIL178185 
035 |a (OCoLC)560627900 
040 |a MiAaPQ  |c MiAaPQ  |d MiAaPQ 
050 4 |a HD61  |b .C373 2008 
100 1 |a Carson, David,  |d 1950- 
245 1 0 |a Professional risk and working with people  |h [electronic resource] :  |b decision-making in health, social care and criminal justice /  |c David Carson and Andy Bain. 
260 |a London ;  |a Philadelphia :  |b Jessica Kingsley Publishers,  |c 2008. 
300 |a 256 p. 
504 |a Includes bibliographical references (p. 243-248) and indexes. 
533 |a Electronic reproduction. Ann Arbor, MI : ProQuest, 2015. Available via World Wide Web. Access may be limited to ProQuest affiliated libraries. 
650 0 |a Risk management. 
650 0 |a Risk managers. 
650 0 |a Decision making. 
650 0 |a Social service  |x Decision making. 
655 4 |a Electronic books. 
700 1 |a Bain, Andy,  |d 1971- 
710 2 |a ProQuest (Firm) 
856 4 0 |u https://ebookcentral.proquest.com/lib/matrademy/detail.action?docID=350370  |z Click to View